[Event "Mecklenburg VP LL2 West 2223"]
[Site "Mecklenburg VP"]
[Date "2022.11.06"]
[Round "2.6"]
[White "Zoll, Cindy"]
[Black "Moews, Harald"]
[Result "0-1"]
[WhiteElo "1413"]
[BlackElo "1696"]
[PlyCount "136"]
[EventDate "2022.10.23"]
[EventType "team-tourn"]
[EventRounds "9"]
[EventCountry "GER"]
[SourceTitle "EXT 2024"]
[Source "ChessBase"]
[SourceDate "2023.10.10"]
[SourceVersion "1"]
[SourceVersionDate "2023.10.10"]
[SourceQuality "1"]
[WhiteTeam "Guestrow/Teterow II"]
[BlackTeam "Schwerin SV Einheit"]
[WhiteTeamCountry "GER"]
[BlackTeamCountry "GER"]

1. f4 e6 2. Nf3 Be7 3. e3 f5 4. d4 d5 5. Bd3 Nf6 6. 0-0 0-0 7. b3 a5 8. Ba3 c6 9. Bxe7 Qxe7 10. Ne5 Nbd7 11. Nd2 Nxe5 12. fxe5 Nd7 13. Rf3 g6 14. Qe2 b5 15. Rg3 Rf7 16. Nf3 Rg7 17. Ng5 h6 18. Nh3 g5 19. Rf1 Nf8 20. Nf2 Bd7 21. Nh1 g4 22. h3 h5 23. hxg4 hxg4 24. Kf2 Qh4 25. Ke1 Ng6 26. Kd2 Kf7 27. Rxg4 Qe7 28. Ng3 Ke8 29. Rxg6 Rxg6 30. Qh5 Qg7 31. Ne2 Kd8 32. Nf4 Rh6 33. Qf3 Kc7 34. Kc3 Rg8 35. Kb2 Qg4 36. Rf2 Qh4 37. Rf1 Rg3 38. Qe2 Qg4 39. Qd2 Kb6 40. Be2 Qg5 41. Qc3 Qe7 42. Rf2 c5 43. Bf3 c4 44. Bxd5 b4 45. Qxc4 Bb5 46. Qc5+ Qxc5 47. dxc5+ Kxc5 48. Bxe6 Rxe3 49. Bxf5 Rxe5 50. Bd3 Re1 51. Rd2 Rhh1 52. c3 Rd1 53. cxb4+ axb4 54. Ne6+ Kb6 55. Rxd1 Rxd1 56. Bxb5 Kxb5 57. Kc2 Rf1 58. Nd4+ Kc5 59. Ne2 Rf2 60. Kd2 Rxg2 61. Ke3 Rh2 62. Kf3 Rh1 63. Nf4 Ra1 64. Nd3+ Kb5 65. Ke3 Rxa2 66. Nc1 Rc2 67. Nd3 Rc3 68. Kd2 Rxb3 0-1

[Event "Mecklenburg VP LL (Women) 2021"]
[Site "Mecklenburg VP"]
[Date "2021.08.15"]
[Round "4.2"]
[White "Moutaqi, Sandra"]
[Black "Zoll, Cindy"]
[Result "0-1"]
[WhiteElo "2039"]
[BlackElo "1379"]
[PlyCount "62"]
[EventDate "2021.08.08"]
[EventType "team-tourn"]
[EventRounds "4"]
[EventCountry "GER"]
[SourceTitle "EXT 2024"]
[Source "ChessBase"]
[SourceDate "2023.10.10"]
[SourceVersion "1"]
[SourceVersionDate "2023.10.10"]
[SourceQuality "1"]
[WhiteTeam "Think Rochade (W) IV"]
[BlackTeam "Guestrow/Teterow (W) III"]
[WhiteTeamCountry "GER"]
[BlackTeamCountry "GER"]

1. d4 f5 2. c4 Nf6 3. Nc3 e6 4. Nf3 d5 5. Bg5 c6 6. e3 Bd6 7. Bd3 0-0 8. 0-0 Qc7 9. c5 Be7 10. Rc1 Nbd7 11. Bf4 Qd8 12. Bb1 Ne4 13. Ne5 Nxe5 14. Bxe5 Bf6 15. Ne2 Bxe5 16. dxe5 b6 17. cxb6 Qxb6 18. Qc2 Ba6 19. Rfe1 Rac8 20. Nf4 c5 21. Nh3 d4 22. Qd1 dxe3 23. Rxe3 c4 24. Bxe4 fxe4 25. Qg4 Rf5 26. Qxe4 Rcf8 27. g4 Bb7 28. Qxc4 Rxf2 29. Nxf2 Qxe3 30. Qxe6+ Kh8 31. Rf1 Qf3 0-1

[Event "Mecklenburg VP-ch U25"]
[Site "Malchow"]
[Date "2019.02.03"]
[Round "3.2"]
[White "Zoll, Cindy"]
[Black "Schmidt, Arne"]
[Result "0-1"]
[WhiteElo "1350"]
[BlackElo "1629"]
[PlyCount "148"]
[EventDate "2019.02.02"]
[EventType "swiss"]
[EventRounds "7"]
[EventCountry "GER"]
[SourceTitle "EXT 2022"]
[Source "ChessBase"]
[SourceDate "2021.10.06"]
[SourceVersion "1"]
[SourceVersionDate "2021.10.06"]
[SourceQuality "1"]

1. f4 Nf6 2. Nf3 c5 3. e3 Nc6 4. d4 e6 5. c3 a6 6. Bd3 b5 7. 0-0 c4 8. Be2 Bb7 9. Ne5 Bd6 10. Nd2 Ne7 11. Ndf3 h6 12. Qe1 Be4 13. h3 Bc7 14. Nh2 Bh7 15. Neg4 Ne4 16. Bf3 d5 17. Qd1 a5 18. Nf2 Nxf2 19. Rxf2 Nc8 20. Qe1 Nd6 21. g4 Be4 22. Bxe4 Nxe4 23. Rg2 Qe7 24. Nf3 b4 25. Bd2 Bd6 26. Nh2 Rb8 27. Bc1 g6 28. Nf1 f5 29. Nd2 Nf6 30. Nf3 Ne4 31. Nd2 Nxd2 32. Bxd2 Kf7 33. Qe2 h5 34. g5 Rb6 35. Bc1 bxc3 36. bxc3 Rhb8 37. Qc2 Qb7 38. Kh2 Ke7 39. Kg3 Qa6 40. Kf3 a4 41. Kg3 a3 42. Kf3 Kd7 43. Kg3 Rb5 44. Kf3 Kc7 45. Kg3 R8b6 46. Kf3 Kb8 47. Kg3 Ka7 48. Kf3 Rb7 49. Kg3 R5b6 50. Kf3 Qb5 51. Kg3 Ka6 52. Kf3 Ka5 53. Kg3 Qe8 54. Kf3 Qb8 55. Kg3 Rb1 56. Rxb1 Rxb1 57. Kf3 Ra1 58. Kg3 Qb1 59. Qxb1 Rxb1 60. Rc2 Ka4 61. Kf3 Bc7 62. Ke2 Ba5 63. Kd2 Ra1 64. Kd1 Bxc3 65. Rxc3 Rxa2 66. Rxa3+ Rxa3 67. Bxa3 Kxa3 68. Kc2 h4 69. Kc3 Ka4 70. Kb2 Kb4 71. Kc2 c3 72. Kc1 Kb3 73. Kd1 Kb4 74. Kc2 Kc4 0-1

[Event "Mecklenburg VP-ch U25"]
[Site "Malchow"]
[Date "2019.02.02"]
[Round "1.5"]
[White "Zoll, Cindy"]
[Black "Herrmann, Niklas"]
[Result "1-0"]
[WhiteElo "1350"]
[BlackElo "922"]
[PlyCount "99"]
[EventDate "2019.02.02"]
[EventType "swiss"]
[EventRounds "7"]
[EventCountry "GER"]
[SourceTitle "EXT 2022"]
[Source "ChessBase"]
[SourceDate "2021.10.06"]
[SourceVersion "1"]
[SourceVersionDate "2021.10.06"]
[SourceQuality "1"]

1. f4 d5 2. e3 Nf6 3. Nf3 Bg4 4. d4 Nc6 5. c3 Ne4 6. Bd3 e6 7. 0-0 Bd6 8. Qe1 f5 9. Nbd2 Nxd2 10. Bxd2 Na5 11. Ne5 Bxe5 12. fxe5 Qg5 13. e4 Qg6 14. exd5 Bh3 15. Rf2 exd5 16. Qe3 Nc4 17. Qxh3 Nxb2 18. Bxf5 Qc6 19. Qh5+ g6 20. Bxg6+ Qxg6 21. Qxg6+ hxg6 22. Bg5 Na4 23. Rc1 Nb2 24. Rxb2 b6 25. Rf1 Kd7 26. Rf7+ Kc6 27. Rf6+ Kb7 28. Rxg6 Rhg8 29. Rxg8 Rxg8 30. Bf6 Rg6 31. a4 a5 32. Rb5 Rh6 33. Rxd5 Rg6 34. Rd7 Rg8 35. e6 Re8 36. e7 Rxe7 37. Bxe7 Kc6 38. Rd8 Kb7 39. d5 c6 40. Rd7+ Kc8 41. dxc6 Kb8 42. c7+ Kc8 43. Rd8+ Kxc7 44. Kf2 Kc6 45. Ke3 Kb7 46. Kd4 Ka7 47. Kd5 Kb7 48. Kd6 Ka7 49. Kc6 Ka6 50. Ra8# 1-0

[Event "GER-chT U20 Girls"]
[Site "Osnabrueck"]
[Date "2018.12.27"]
[Round "2.3"]
[White "Zoll, Cindy"]
[Black "Von Jan, Lena"]
[Result "0-1"]
[WhiteElo "1342"]
[BlackElo "1520"]
[PlyCount "98"]
[EventDate "2018.12.27"]
[EventType "team-swiss"]
[EventRounds "7"]
[EventCountry "GER"]
[SourceTitle "CBM 188 Extra"]
[Source "ChessBase"]
[SourceDate "2019.02.26"]
[SourceVersion "1"]
[SourceVersionDate "2019.02.26"]
[SourceQuality "1"]
[WhiteTeam "Guestrow/Teterow"]
[BlackTeam "Muldental Wilkau Hasslau"]
[WhiteTeamCountry "GER"]
[BlackTeamCountry "GER"]

1. f4 d6 2. e3 Nf6 3. Nf3 g6 4. d4 Bg7 5. Bd3 0-0 6. 0-0 c5 7. c3 Nc6 8. Nbd2 cxd4 9. exd4 e5 10. fxe5 dxe5 11. Nxe5 Nxe5 12. dxe5 Ng4 13. Nf3 Qb6+ 14. Kh1 Nf2+ 15. Rxf2 Qxf2 16. Bd2 Rd8 17. Qc2 Qc5 18. Bf4 Re8 19. Qa4 Bg4 20. Bb5 Rf8 21. Re1 a6 22. Bd3 Rfe8 23. Be3 Qc8 24. Bd4 Qc7 25. h3 Bxf3 26. gxf3 b5 27. Qd1 Bxe5 28. Bxe5 Rxe5 29. Rxe5 Qxe5 30. Be4 Rf8 31. Qg1 Qe6 32. Kh2 Qxa2 33. Qg2 Rb8 34. f4 Qe6 35. f5 Qe5+ 36. Kh1 Rd8 37. Bc2 Qe1+ 38. Qg1 Qxg1+ 39. Kxg1 Rd2 40. Be4 Rxb2 41. fxg6 hxg6 42. Kf1 Rb3 43. Bb7 Rxc3 44. Bxa6 b4 45. Ke1 b3 46. Kd1 b2 47. Kd2 Ra3 48. Bd3 Rxd3+ 49. Kxd3 b1Q+ 0-1

[Event "Mecklenburg VP-ch Youth"]
[Site "Malchow"]
[Date "2017.02.12"]
[Round "4.7"]
[White "Wolfgramm, Theo"]
[Black "Zoll, Cindy"]
[Result "1-0"]
[WhiteElo "1413"]
[BlackElo "1425"]
[PlyCount "89"]
[EventDate "2017.02.08"]
[EventType "swiss"]
[EventRounds "7"]
[EventCountry "GER"]
[SourceTitle "EXT 2022"]
[Source "ChessBase"]
[SourceDate "2021.10.06"]
[SourceVersion "1"]
[SourceVersionDate "2021.10.06"]
[SourceQuality "1"]

1. e4 e6 2. d4 d5 3. exd5 exd5 4. Bd3 Bd6 5. Nc3 c6 6. Nf3 Ne7 7. Be3 Be6 8. Qd2 b5 9. 0-0 0-0 10. Ng5 Bf5 11. Bxf5 Nxf5 12. Rfe1 Nxe3 13. Qxe3 h6 14. Nf3 Nd7 15. a3 Nf6 16. Qd2 Qc7 17. Ne5 Rfe8 18. f4 Nd7 19. Qf2 Nf8 20. Nd3 Ne6 21. Re3 Kf8 22. Kh1 Qb6 23. Ne2 Be7 24. c3 Bf6 25. g3 Re7 26. Re1 Rae8 27. g4 Qd8 28. Rf1 Rc7 29. g5 hxg5 30. fxg5 Bxg5 31. Rf3 Bf6 32. Ng3 Ng5 33. Rf5 Ne4 34. Nxe4 Rxe4 35. Rh5 Rh4 36. Rxh4 Bxh4 37. Qf4 Bf6 38. Qf5 Qd7 39. Qh7 Rc8 40. Qh8+ Ke7 41. Re1+ Kd6 42. Qh5 g6 43. Qf3 Qf5 44. Qg3+ Kd7 45. Nc5+ 1-0

[Event "Mecklenburg VP-ch Youth"]
[Site "Malchow"]
[Date "2017.02.12"]
[Round "3.8"]
[White "Zoll, Cindy"]
[Black "Jaster, Steven"]
[Result "1-0"]
[WhiteElo "1425"]
[BlackElo "1392"]
[PlyCount "45"]
[EventDate "2017.02.08"]
[EventType "swiss"]
[EventRounds "7"]
[EventCountry "GER"]
[SourceTitle "EXT 2022"]
[Source "ChessBase"]
[SourceDate "2021.10.06"]
[SourceVersion "1"]
[SourceVersionDate "2021.10.06"]
[SourceQuality "1"]

1. f4 d5 2. e3 e6 3. Nf3 Nf6 4. d4 Nbd7 5. Bd3 Be7 6. 0-0 0-0 7. Ne5 c5 8. c3 c4 9. Be2 b5 10. Nd2 Rb8 11. Nc6 Qe8 12. Nxb8 Nxb8 13. Bf3 Nc6 14. e4 dxe4 15. Nxe4 Bb7 16. Qe1 h6 17. Qg3 Qd7 18. f5 exf5 19. Bxh6 Ng4 20. Bxg4 fxg4 21. Be3 Nxd4 22. Bxd4 Bxe4 23. Qe5 1-0

[Event "GER-chT Federal Cup (Women)"]
[Site "Braunfels"]
[Date "2016.05.27"]
[Round "2.8"]
[White "Flach, Helene"]
[Black "Zoll, Cindy"]
[Result "1-0"]
[WhiteElo "1629"]
[BlackElo "1324"]
[PlyCount "87"]
[EventDate "2016.05.26"]
[EventType "team-swiss"]
[EventRounds "5"]
[EventCountry "GER"]
[SourceTitle "EXT 2019"]
[Source "ChessBase"]
[SourceDate "2018.10.10"]
[SourceVersion "1"]
[SourceVersionDate "2018.10.10"]
[SourceQuality "1"]
[WhiteTeam "Hessen (W)"]
[BlackTeam "Mecklenburg Vorpommern (W)"]
[WhiteTeamCountry "GER"]
[BlackTeamCountry "GER"]

1. e4 e6 2. d4 d5 3. Nd2 Bb4 4. c3 Be7 5. e5 c5 6. Bd3 Nc6 7. Ne2 Qb6 8. Nf3 Bd7 9. 0-0 f6 10. Nf4 fxe5 11. Nxe5 Nxe5 12. dxe5 0-0-0 13. a4 Qa5 14. Bd2 c4 15. Bc2 g5 16. Ne2 h5 17. Nd4 Rf8 18. f4 g4 19. Be3 Nh6 20. Qd2 Nf5 21. Bxf5 exf5 22. Rfd1 a6 23. Qc2 Bc5 24. b4 cxb3 25. Qxb3 Qb6 26. Qxb6 Bxb6 27. Nc2 Bxe3+ 28. Nxe3 Be6 29. Nxd5 Bxd5 30. Rxd5 Rh6 31. Rad1 Rc6 32. R5d3 Rc4 33. Rd4 Rxc3 34. Kf2 Re8 35. R1d3 Rc2+ 36. Rd2 Rc3 37. a5 Rc5 38. Ra2 Re7 39. Kg3 Re6 40. Kh4 Rh6 41. Kg5 Rcc6 42. Kxf5 Rh8 43. Rad2 Rc5 44. Rd5 1-0

[Event "Mecklenburg VP-ch U16 Girls"]
[Site "Malchow"]
[Date "2015.02.??"]
[Round "4.3"]
[White "Dorendorf, Lena"]
[Black "Zoll, Cindy"]
[Result "1/2-1/2"]
[WhiteElo "1147"]
[BlackElo "1372"]
[PlyCount "35"]
[EventDate "2015.02.04"]
[EventType "tourn"]
[EventRounds "7"]
[EventCountry "GER"]
[SourceTitle "EXT 2022"]
[Source "ChessBase"]
[SourceDate "2021.10.06"]
[SourceVersion "1"]
[SourceVersionDate "2021.10.06"]
[SourceQuality "1"]

1. e4 e6 2. d4 d5 3. exd5 exd5 4. Nc3 c6 5. Nf3 Bd6 6. Be2 h6 7. Qd3 Ne7 8. Qd1 0-0 9. h3 Be6 10. Be3 Re8 11. Bd3 Nd7 12. a3 Nf8 13. Qd2 Nf5 14. Bxf5 Bxf5 15. Ne2 Qf6 16. 0-0-0 b5 17. Rhg1 Be4 18. Ne1 1/2-1/2

[Event "GER-chT Federal Cup (Women)"]
[Site "Braunfels"]
[Date "2014.06.21"]
[Round "4.7"]
[White "Zoll, Cindy"]
[Black "Tinnes, Marie Christine"]
[Result "0-1"]
[WhiteElo "1370"]
[BlackElo "1104"]
[PlyCount "50"]
[EventDate "2014.06.19"]
[EventType "team-swiss"]
[EventRounds "5"]
[EventCountry "GER"]
[SourceTitle "EXT 2015"]
[Source "ChessBase"]
[SourceDate "2014.11.20"]
[SourceVersion "1"]
[SourceVersionDate "2014.11.20"]
[SourceQuality "1"]
[WhiteTeam "Mecklenburg Vorpommern (W)"]
[BlackTeam "Saarland (W)"]
[WhiteTeamCountry "GER"]
[BlackTeamCountry "GER"]

1. e4 c6 2. d4 d5 3. exd5 cxd5 4. Nc3 Bf5 5. Nf3 a6 6. Bd3 Bxd3 7. Qxd3 Nf6 8. 0-0 e6 9. Bg5 Nbd7 10. Rfe1 Be7 11. Re2 0-0 12. Rae1 Qc7 13. Ne5 Bd6 14. Re3 Bxe5 15. dxe5 Ng4 16. Rh3 g6 17. Bf4 Ngxe5 18. Qg3 f6 19. Re2 d4 20. Nd1 Qc4 21. Rd2 Rac8 22. b3 Qc5 23. Nb2 b5 24. Nd3 Qa3 25. Nxe5 Qc1+ 0-1

[Event "Mecklenburg VP-ch U16 Girls"]
[Site "Malchow"]
[Date "2014.02.02"]
[Round "3"]
[White "Schutrak, Svenja"]
[Black "Zoll, Cindy"]
[Result "0-1"]
[WhiteElo "827"]
[BlackElo "1211"]
[PlyCount "60"]
[EventDate "2014.02.01"]
[EventType "tourn"]
[EventRounds "7"]
[EventCountry "GER"]
[SourceTitle "EXT 2017"]
[Source "ChessBase"]
[SourceDate "2016.10.25"]
[SourceVersion "1"]
[SourceVersionDate "2016.10.25"]
[SourceQuality "1"]

1. e4 e5 2. Nf3 Nc6 3. Bc4 Bc5 4. d3 h6 5. Be3 Bb6 6. d4 exd4 7. Nxd4 Nxd4 8. Bxd4 Nf6 9. Nc3 c6 10. 0-0 0-0 11. Be3 Re8 12. Bd3 d5 13. Bf4 dxe4 14. Nxe4 Nxe4 15. Bxe4 Rxe4 16. Qxd8+ Bxd8 17. Be3 Bf6 18. Rab1 Bf5 19. Rfe1 Rae8 20. Re2 Kf8 21. Rbe1 Bxb2 22. f3 R4e6 23. Bc5+ Kg8 24. Kf1 Bc3 25. Rxe6 Rxe6 26. Re2 Rxe2 27. Kxe2 b6 28. Be3 Bxc2 29. Bd2 Bxd2 30. Kxd2 Bb1 0-1

[Event "GER-chT U14 Girls"]
[Site "Magdeburg"]
[Date "2012.12.29"]
[Round "5.2"]
[White "Zoll, Cindy"]
[Black "Michna, Masza"]
[Result "1/2-1/2"]
[WhiteElo "1058"]
[BlackElo "1056"]
[PlyCount "73"]
[EventDate "2012.12.27"]
[EventType "team-swiss"]
[EventRounds "7"]
[EventCountry "GER"]
[SourceTitle "EXT 2014"]
[Source "ChessBase"]
[SourceDate "2013.11.20"]
[SourceVersion "1"]
[SourceVersionDate "2013.11.20"]
[SourceQuality "1"]
[WhiteTeam "Guestrow/Teterow"]
[BlackTeam "Hamburger SK"]
[WhiteTeamCountry "GER"]
[BlackTeamCountry "GER"]

1. e4 d6 2. d4 Nf6 3. Nc3 e5 4. dxe5 dxe5 5. Qxd8+ Kxd8 6. Nf3 Bd6 7. Bc4 Ke8 8. Ng5 Rf8 9. Be3 a6 10. f3 Bd7 11. Nd5 Nxd5 12. Bxd5 c6 13. Bb3 h6 14. 0-0-0 Bc7 15. Nh3 f6 16. Nf2 b6 17. g3 c5 18. Rd2 Ke7 19. Rhd1 Rd8 20. Bd5 Bc6 21. Bxc6 Nxc6 22. f4 Rxd2 23. Rxd2 Rd8 24. Rxd8 Kxd8 25. f5 Kd7 26. Kd2 Na5 27. Kd3 Kc6 28. Bd2 b5 29. Bxa5 Bxa5 30. b3 Bb6 31. c4 b4 32. Nd1 a5 33. Ne3 Bc7 34. Nc2 Kb6 35. a3 Bd8 36. a4 Bc7 37. Ne3 1/2-1/2

[Event "GER-chT U14 Girls"]
[Site "Magdeburg"]
[Date "2012.12.27"]
[Round "2.2"]
[White "Sewald, Kathrin"]
[Black "Zoll, Cindy"]
[Result "1-0"]
[WhiteElo "1335"]
[BlackElo "1058"]
[PlyCount "63"]
[EventDate "2012.12.27"]
[EventType "team-swiss"]
[EventRounds "7"]
[EventCountry "GER"]
[SourceTitle "EXT 2014"]
[Source "ChessBase"]
[SourceDate "2013.11.20"]
[SourceVersion "1"]
[SourceVersionDate "2013.11.20"]
[SourceQuality "1"]
[WhiteTeam "Porz SG"]
[BlackTeam "Guestrow/Teterow"]
[WhiteTeamCountry "GER"]
[BlackTeamCountry "GER"]

1. e4 e5 2. Nf3 Nc6 3. Bc4 Bc5 4. d3 Nf6 5. Bg5 h6 6. Bh4 d6 7. h3 0-0 8. 0-0 Be6 9. Nc3 a6 10. a3 b5 11. Bd5 Bd7 12. Bxc6 Bxc6 13. d4 exd4 14. Nxd4 Bb7 15. Nf5 Re8 16. Re1 b4 17. axb4 Bxb4 18. Qd4 Bxc3 19. bxc3 c5 20. Qxd6 Bxe4 21. Bxf6 Qxd6 22. Nxd6 Re6 23. Nxe4 gxf6 24. Nxc5 Rc6 25. Ne4 f5 26. Ng3 Rxc3 27. Nxf5 Rxc2 28. Nxh6+ Kg7 29. Nf5+ Kg6 30. Ra5 Rb2 31. Ne7+ Kf6 32. Nd5+ 1-0

[Event "GER-chT North U14 Girls"]
[Site "Guestrow"]
[Date "2012.09.08"]
[Round "4.2"]
[White "Zoll, Cindy"]
[Black "Du, Katharina"]
[Result "0-1"]
[WhiteElo "945"]
[BlackElo "1544"]
[PlyCount "84"]
[EventDate "2012.09.07"]
[EventType "team-swiss"]
[EventRounds "5"]
[EventCountry "GER"]
[SourceTitle "EXT 2015"]
[Source "ChessBase"]
[SourceDate "2014.11.20"]
[SourceVersion "1"]
[SourceVersionDate "2014.11.20"]
[SourceQuality "1"]
[WhiteTeam "Guestrow/Teterow"]
[BlackTeam "Berlin Empor"]
[WhiteTeamCountry "GER"]
[BlackTeamCountry "GER"]

1. e4 e5 2. Nf3 Nc6 3. Bc4 d6 4. h3 Be7 5. d3 Nf6 6. Nc3 h6 7. 0-0 0-0 8. Be3 Nh7 9. Re1 Na5 10. b3 Nxc4 11. bxc4 Bg5 12. Rb1 Bxe3 13. Rxe3 c6 14. d4 Ng5 15. d5 cxd5 16. cxd5 Qf6 17. Nxg5 Qxg5 18. Rg3 Qf6 19. Qd2 b6 20. Nd1 Bd7 21. Ne3 Rac8 22. c3 Rc5 23. c4 Rfc8 24. a4 Qf4 25. Rb2 Qxe4 26. Ng4 Bxg4 27. Rxg4 Qh7 28. Rb4 f5 29. Rg3 f4 30. Rc3 Qe4 31. f3 Qd4+ 32. Qxd4 exd4 33. Rd3 Rxc4 34. Rxc4 Rxc4 35. Kf2 Rxa4 36. Ke2 a5 37. Rb3 Rb4 38. Ra3 a4 39. Kd3 Rb3+ 40. Rxb3 axb3 41. Kd2 g5 42. Kc1 d3 0-1

[Event "GER-chT North U14 Girls"]
[Site "Guestrow"]
[Date "2012.09.08"]
[Round "3.2"]
[White "Zoll, Cindy"]
[Black "Rudenko, Katharina"]
[Result "1-0"]
[WhiteElo "945"]
[BlackElo "875"]
[PlyCount "69"]
[EventDate "2012.09.07"]
[EventType "team-swiss"]
[EventRounds "5"]
[EventCountry "GER"]
[SourceTitle "EXT 2015"]
[Source "ChessBase"]
[SourceDate "2014.11.20"]
[SourceVersion "1"]
[SourceVersionDate "2014.11.20"]
[SourceQuality "1"]
[WhiteTeam "Guestrow/Teterow"]
[BlackTeam "Hamburger SK"]
[WhiteTeamCountry "GER"]
[BlackTeamCountry "GER"]

1. e4 c5 2. Nf3 Nc6 3. d4 cxd4 4. Nxd4 Nf6 5. Nc3 e5 6. Nxc6 bxc6 7. Bc4 Bb7 8. Be3 d5 9. exd5 cxd5 10. Bb5+ Ke7 11. Bg5 h6 12. Bh4 g5 13. Bg3 Qd6 14. 0-0 d4 15. Ne2 Qd5 16. f3 Qxb5 17. b3 Ba6 18. Re1 Ke8 19. Nxd4 Bc5 20. Rxe5+ Kf8 21. Bf2 Qb4 22. Ne6+ fxe6 23. Bxc5+ Qxc5+ 24. Rxc5 Nd5 25. c4 Nf4 26. Qd6+ Kf7 27. Qxa6 Rhg8 28. Qd6 Rad8 29. Qc7+ Kf6 30. Qe5+ Kf7 31. Rc6 Ng6 32. Qxe6+ Kf8 33. Qf6+ Ke8 34. Re1+ Kd7 35. Qd6# 1-0

[Event "GER-chT North U14 Girls"]
[Site "Guestrow"]
[Date "2012.09.07"]
[Round "1.2"]
[White "Zoll, Cindy"]
[Black "Boehm, Jana"]
[Result "0-1"]
[WhiteElo "945"]
[BlackElo "1701"]
[PlyCount "86"]
[EventDate "2012.09.07"]
[EventType "team-swiss"]
[EventRounds "5"]
[EventCountry "GER"]
[SourceTitle "EXT 2015"]
[Source "ChessBase"]
[SourceDate "2014.11.20"]
[SourceVersion "1"]
[SourceVersionDate "2014.11.20"]
[SourceQuality "1"]
[WhiteTeam "Guestrow/Teterow"]
[BlackTeam "Oesede Georgsmarienhuette"]
[WhiteTeamCountry "GER"]
[BlackTeamCountry "GER"]

1. e4 Nf6 2. Nc3 d5 3. d3 Nc6 4. Nf3 e5 5. Be2 Bb4 6. Bd2 0-0 7. 0-0 Re8 8. Bg5 Bxc3 9. bxc3 dxe4 10. dxe4 Qxd1 11. Rfxd1 Nxe4 12. Bd2 Bg4 13. h3 Bd7 14. Rab1 b6 15. Ng5 Nd6 16. Be3 h6 17. Nf3 Rad8 18. Nd2 Nf5 19. Nc4 Nxe3 20. Nxe3 Ne7 21. Bd3 Bc6 22. c4 Rd6 23. f3 Red8 24. a3 f5 25. Be2 Rxd1+ 26. Rxd1 Rxd1+ 27. Nxd1 Kf7 28. Kf2 Ke6 29. Ke3 f4+ 30. Kd2 Nf5 31. c3 Nh4 32. Bf1 e4 33. fxe4 Bxe4 34. Nf2 Bxg2 35. Bxg2 Nxg2 36. Kd3 Kf5 37. Ke2 g5 38. Ng4 h5 39. Nh6+ Ke4 40. Kf2 Ne3 41. Nf7 g4 42. hxg4 hxg4 43. Ng5+ Kf5 0-1